| 000 | 00781nam a2200205Ia 4500 | ||
|---|---|---|---|
| 999 |
_c42335 _d42335 |
||
| 001 | 9031 | ||
| 003 | GE_BSU | ||
| 005 | 20210420111713.0 | ||
| 008 | 181216c2014||||ge |||||||||||||| ||geo|| | ||
| 022 | _a0134 - 3459 | ||
| 040 | _cGE_BSU | ||
| 041 | _ageo | ||
| 245 |
_aჭოროხი : _b2014 : ლიტერატურულ - სამხატვრო და საზოგადოებრივი ჟურნალი / _cმთ. რედაქტორი სანდრო ბერიძე. |
||
| 260 |
_cბათუმი, _b1958- |
||
| 300 | _aV. | ||
| 653 | _aჭოროხი | ||
| 653 | _aპეროდიკა | ||
| 700 |
_aბერიძე, სანდრო _eმთავარი რედაქტორი _911448 |
||
| 942 |
_cCR _2udc |
||